La Revolución Mexicana : textos de su historia : acción revolucionaria /

Αποθηκεύτηκε σε:
Λεπτομέρειες βιβλιογραφικής εγγραφής
Κύριος συγγραφέας: Altamirano Cozzi, Graziella (investigación y compilación)
Άλλοι συγγραφείς: Villa Guerrero, Guadalupe (investigación y compilación) (investigación y compilación)
Μορφή: Βιβλίο
Γλώσσα:Ισπανικά
Έκδοση: México : Secretaría de Educación Pública : Instituto Mora, 1985, c1985
Ετικέτες: Προσθήκη ετικέτας
Δεν υπάρχουν, Καταχωρήστε ετικέτα πρώτοι!

MARC

LEADER 00000nam^a2200000^a^4500
001 000621754
005 20250930000000.0
009 20260310133905.671
020 |a 968-29-0027-1 
020 |a 968-29-0024-7 
037 |a Acervo ITESO - Biblioteca 
041 |a ESP 
091 |a FOB. 02058 
100 |a Altamirano Cozzi, Graziella  |e (investigación y compilación) 
245 1 3 |a La Revolución Mexicana :  |b textos de su historia : acción revolucionaria / 
264 4 |a México :  |b Secretaría de Educación Pública :  |b Instituto Mora,  |c 1985, c1985 
300 |a 492 p. 
336 |a texto  |b txt  |2 rdacontenido 
337 |a sin mediación  |b n  |2 rdamedio 
338 |a volumen  |b nc  |2 rdasoporte 
649 |a XX 
700 |a Villa Guerrero, Guadalupe  |e (investigación y compilación) 
910 |a Fondo Carlos de Obeso Orendain 
920 |a Impresos - Libros 
930 |a Fondos Especiales 
905 |a 147 
901 |a 621754-10  |b IT2  |c ESP  |i D  |u 20250930 
902 |a https://opac.biblio.iteso.mx/vufind/Record/000621754